| 000 | 00614nam a2200241Ia 4500 | ||
|---|---|---|---|
| 003 | OSt | ||
| 005 | 20250624112500.0 | ||
| 008 | 210423s2009 xx 000 0 und d | ||
| 020 | _a9788132105688 | ||
| 040 | _cAL | ||
| 041 | _aEnglish | ||
| 082 |
_a001.4 _223 _bFLII |
||
| 100 |
_aUwe Flick _9101650 |
||
| 245 | _aIntroduction to qualitative research | ||
| 250 | _a4 | ||
| 260 |
_aLos Angeles _bSage Publications _c2009 |
||
| 300 |
_axx,504 _bPB |
||
| 365 |
_b550 _cINR |
||
| 650 |
_aGeneral _9101651 |
||
| 650 |
_aResearch _9101652 |
||
| 906 | _aIntroduction ; qualitative ; research | ||
| 942 |
_2ddc _cBK |
||
| 999 |
_c164571 _d164571 |
||